Chinese Numbers Quiz Stats

Quiz Updated Aug 1, 2013

Challenge
Share
Tweet
Embed
Score 0/10 Timer 01:30
13 Plays Today
% Correct
95.2%
94.1%
93%
59.7%
49.7%
49.1%
48.9%
47.4%
46.7%
45.5%

You're not logged in!

Compare scores with friends on all Sporcle quizzes.
Sign Up with Email
OR
Log In

You Might Also Like...

Show Comments

Extras

Top Quizzes Today


Score Distribution

Your Account Isn't Verified!

In order to create a playlist on Sporcle, you need to verify the email address you used during registration. Go to your Sporcle Settings to finish the process.